A MEES mess (Record no. 84985)

MARC details
000 -LEADER
fixed length control field 01598cab a22002775a 4500
001 - CONTROL NUMBER
control field L159788
008 - FIXED-LENGTH DATA ELEMENTS--GENERAL INFORMATION
fixed length control field 180103e2017 xxk 000 0 eng d
035 ## - SYSTEM CONTROL NUMBER
System control number (Sirsi) u159788
041 0# - LANGUAGE CODE
Language code of text/sound track or separate title eng
100 1# - MAIN ENTRY--PERSONAL NAME
Personal name Highmore, Sue
245 02 - TITLE STATEMENT
Title A MEES mess
490 ## - SERIES STATEMENT
Series statement Estates Gazette
Volume/sequential designation (1748) 2 December 2017, 68-71(4)
520 ## - SUMMARY, ETC.
Summary, etc. Part 1 in a series of 4 articles looking at various aspects of the Minimimum Energy Efficiency Standard Regulations (MEES) effective from 1 April 2018. The Standard requires landlords of commercial and residential properties to carry out energy efficiency improvements works before they can grant a new lease if the properties do not have a Energy Performance Certificate (EPC) Rating of E or above. In April 2020 MEES is being extended to existing lettings of residenital property and in April 2023 to existing lettings of commercial property. Flowchart sets out a series of quesitons to help landlords and property managers decide whether MEES applies to their property. Sets out penalites for non-compliance. Part 2 L159789, Part 3 L159790 and Part 4 L159794.
590 ## - LOCAL NOTE (RLIN)
Local note KA
650 24 - SUBJECT ADDED ENTRY--TOPICAL TERM
Topical term or geographic name entry element MINIMUM ENERGY EFFICIENCY STANDARD
650 24 - SUBJECT ADDED ENTRY--TOPICAL TERM
Topical term or geographic name entry element ENERGY PERFORMANCE OF BUILDINGS (ENGLAND AND WALES) REGULATIONS 2012
650 24 - SUBJECT ADDED ENTRY--TOPICAL TERM
Topical term or geographic name entry element ENERGY EFFICIENCY (PRIVATE RENTED PROPERTY) (ENGLAND AND WALES) REGULATIONS 2015
651 #4 - SUBJECT ADDED ENTRY--GEOGRAPHIC NAME
Geographic name England and Wales
Chronological subdivision 1543-
690 ## - LOCAL SUBJECT ADDED ENTRY--TOPICAL TERM (OCLC, RLIN)
Topical term or geographic name as entry element Energy
9 (RLIN) 6237
690 ## - LOCAL SUBJECT ADDED ENTRY--TOPICAL TERM (OCLC, RLIN)
Topical term or geographic name as entry element Sustainability
9 (RLIN) 6271
690 ## - LOCAL SUBJECT ADDED ENTRY--TOPICAL TERM (OCLC, RLIN)
Topical term or geographic name as entry element Commercial property
9 (RLIN) 6227
690 ## - LOCAL SUBJECT ADDED ENTRY--TOPICAL TERM (OCLC, RLIN)
Topical term or geographic name as entry element Residential property
9 (RLIN) 6266
700 1# - ADDED ENTRY--PERSONAL NAME
Personal name Williams, Peter
856 40 - ELECTRONIC LOCATION AND ACCESS
Uniform Resource Identifier <a href=""></a>
Public note
942 ## - ADDED ENTRY ELEMENTS (KOHA)
Suppress in OPAC 0
Holdings
Withdrawn status Lost status Source of classification or shelving scheme Damaged status Not for loan Home library Current library Shelving location Date acquired Total Checkouts Full call number Barcode Date last seen Copy number Price effective from Koha item type
    Dewey Decimal Classification     London London Journals 03/01/2018   L159788 159788-1001 06/08/2019 1 06/08/2019 Journal article